Language Quiz

Random Language or Letter Quiz
Score 0/24 Timer 06:00
3 Plays Today
Clue without D Word % Correct
Solid waterice --> dice
93.7%
Place for skatingrink --> drink
93.1%
Parent's sisteraunt --> daunt
92.7%
Natural flowing watercourseriver --> driver
89.3%
Garden implement, useful in collecting leavesrake --> drake
87.9%
Belonging to usour --> dour
87.3%
Liquor distilled from sugar cane or molassesrum --> drum
86.8%
The residue of a burned objectash --> dash
84.9%
Healthy; deep hole from which liquids may be drawnwell --> dwell
84.1%
To view and understand written languageread --> dread
83.7%
Portray emotion in a theatrical manneremote --> demote
82.9%
A stake put up by a player in poker and similar games before receiving cardsante --> Dante
80.7%
Clue without D Word % Correct
Light or breezyairy --> dairy
80.3%
Colloquial term for an official who enforces rules of a sportump --> dump
79.8%
To drive or force by impact; male sheepram --> dram
78.4%
Greasy or slickoily --> doily
77.9%
Medium to dark yellowish brownumber --> dumber
76.5%
Griffith, Kaufman, or RaggedyAndy --> dandy
73.2%
A Native American tribe now based in OklahomaOsage --> dosage
65.9%
Betsy or DianaRoss --> dross
63.4%
To annoy or irritateirk --> dirk
61.8%
34th US President's nicknameIke --> dike
60.4%
An extension at right angles to a buildingell --> dell
45.6%
To evade a searchelude --> delude
20.5%

You're not logged in!

Compare scores with friends on all Sporcle quizzes.
OR
Log In

Sporcle TV

Today on Sporcle TV


Watch our educational content, quiz creation guides, and fun videos on Sporcle TV.

Show Comments

Extras

Top Quizzes Today


Score Distribution

Paid Content

Your Account Isn't Verified!

In order to create a playlist on Sporcle, you need to verify the email address you used during registration. Go to your Sporcle Settings to finish the process.

Report this User

Report this user for behavior that violates our Community Guidelines.

Details: